000 00306nam a2200121Ia 4500
008 240731s9999 xx 000 0 und d
022 _a1943-7226
245 0 _aGIScience & Remote Sensing
260 _bTaylor & Francis
856 _uhttps://www.tandfonline.com/loi/tgrs20
942 _2ddc
942 _cTFEJ
999 _c76689
_d76689
945 _a1
_bMadushi Gamage
_c1
_dMadushi Gamage